Dolovanie vzťahov informačných fragmentov a ich mapovanie v ontológiách

Gespeichert in:
Bibliographische Detailangaben
1. Verfasser: Hnojčík, Tomáš (Verfasst von)
Weitere Verfasser: Lang, Ján (Betreuung Doktorarbeit)
Format: Manuskript Buch
Sprache:Slowakisch
Englisch
Veröffentlicht: 2015
Schlagworte:
Online-Zugang:http://is.stuba.sk/zp/portal_zp.pl?podrobnosti=87885
Tags: Tag hinzufügen
Keine Tags, Fügen Sie das erste Tag hinzu!

MARC

LEADER 00000ntm a22000003a 4500
001 stuzp48075
003 SK-STU
005 20160719153204.8
007 ta
008 150427s2015----xo-----f-mn---000-0-slo-d
040 |a STU  |b slo 
041 0 |a eng 
044 |a xo 
100 1 |a Hnojčík, Tomáš  |u 070200  |4 aut  |U FIIT Fakulta informatiky a informačných technológií  |T FIIT Ústav informatiky a softvérového inžinierstva  |X 46090  |U I200  |Y 179  |7 46090 
242 0 1 |a Dolovanie vzťahov informačných fragmentov a ich mapovanie v ontológiách  |y slo 
245 1 0 |a Dolovanie vzťahov informačných fragmentov a ich mapovanie v ontológiách 
260 |c 2015 
300 |a 51 s.  |e CD-ROM 
650 4 |a ontológia  |2 slo 
650 4 |a báza znalostí  |2 slo 
650 4 |a trieda  |2 slo 
650 4 |a mapovanie  |2 slo 
650 4 |a diagram tried  |2 slo 
650 4 |a UML  |2 slo 
650 4 |a model  |2 slo 
650 4 |a OWL  |2 eng 
650 4 |a knowledge base  |2 eng 
650 4 |a class  |2 eng 
650 4 |a class diagram  |2 eng 
650 4 |a UML  |2 eng 
650 4 |a mapping  |2 eng 
650 4 |a ontology  |2 eng 
700 1 |a Lang, Ján  |4 ths  |X 60247  |7 60247 
856 4 |u http://is.stuba.sk/zp/portal_zp.pl?podrobnosti=87885 
996 |b 284IB00048  |c I* BAP47/15  |l II680  |s P  |a 0  |w stuzp48075_0001 
SQL |a stuzp48075  |b DBP  |c ENG  |d Dolovanie vzťahov informačných fragmentov a ich mapovanie v ontológiách  |e 46090  |f Hnojčík, Tomáš  |g 070200  |h 60247  |i Lang, Ján  |j 20150617  |k 202  |l 07  |m http://is.stuba.sk/zp/portal_zp.pl?podrobnosti=87885  |n B-INFO  |o 9.2.1. informatika